Gestió pública i democràcia: de l'administració del vídeo a l'administració del xip / Quim Brugué de l'administració del vídeo a l'administració del xip / Quim Brugué
ISBN:
84-7794-554-3
Descripción Física:
44 p. ; 21 cm
Colección:
Perspectiva ; 8
Materias:
Administració pública
MARC
| LEADER | 00000nam a2200000Ia 4500 | ||
|---|---|---|---|
| 001 | 11999 | ||
| 008 | 160829s1998 xx 000 0 cat d | ||
| 020 | |a 84-7794-554-3 | ||
| 080 | |a FU-13-56 | ||
| 100 | 1 | |a Brugué, Joaquim |9 38999 | |
| 245 | |a Gestió pública i democràcia: |b de l'administració del vídeo a l'administració del xip / Quim Brugué | ||
| 260 | |a Barcelona : |b Diputació de Barcelona, |c 1998 | ||
| 300 | |a 44 p. ; |c 21 cm | ||
| 490 | |a Perspectiva ; 8 | ||
| 650 | 0 | |a Administració pública |9 23819 | |
| 710 | |a Barcelona (Catalunya : Província). |b Servei de Formació Local |9 53659 |4 entitat editora | ||
| 901 | |a Arxiu | ||
| 942 | |n 1 |2 udc | ||
| 952 | |0 0 |1 0 |4 0 |6 FU1356 |7 1 |9 42869 |a Arxiu |b Arxiu |d 2016-12-01 |l 0 |o FU-13-56 |p 11999 |r 2016-12-01 00:00:00 |w 2016-12-01 |y ARXIU | ||
| 952 | |0 0 |1 0 |4 0 |6 PDL |7 1 |9 63567 |a Arxiu |b Arxiu |d 2022-08-29 |l 0 |o PDL |p 26557 |r 2022-08-29 00:00:00 |w 2022-08-29 |y ARXIU | ||
| 999 | |c 45375 |d 45375 | ||